Özgür bir gençlik için (Record no. 4507)

MARC details
000 -BAŞLIK
Sabit Uzunlukta Kontrol Alanı 00840na a2200301 4500
001 - KONTROL NUMARASI
Denetim Alanı 20853
003 - KONTROL NUMARASI IDENTIFIER
Denetim Alanı MIRAKIL
005 - SON İŞLEM TARİHİ VE ZAMANI
Denetim Alanı 20181213155008.0
008 - SABİT-BOY VERİ ELEMANLARI - GENEL BİLGİLER
Sabit Uzunlukta Kontrol Alanı 170127b tu 000 0
035 ## - SİSTEM KONTROL NUMARASI
Sistem Kontrol Numarası 20853
040 ## - KATALOGLAMA KAYNAK
Orijinal Kataloglama Ajansı Milas
Kataloglama Dili tur
Metne Dönüştürmek Ajansı TR-AnCHP
041 ## - DİL KODU
Metin / Ses Parça Veya Ayrı Başlığın Dil Kodu tur
082 ## - DEWEY ONLU SINIFLANDIRMA NUMARASI
Sınıflandırma Numarası CHP 324.2372
Ürün Numarası C36ö [2015]
090 ## - SINIFLAMA NUMARASI
Sınıflama Numarası BROŞÜR 228
110 ## - ANA GİRİŞ - KURUMSAL ADI
Giriş Elemanı Olarak Kurumsal Ad Veya Yargı Alanı Adı Cumhuriyet Halk Partisi (CHP)
240 ## - ÜNİFORM BAŞLIK
Üniforma Başlık <a href="Umut CHP">Umut CHP</a>
245 ## - BAŞLIK TABLOSU
Başlık Özgür bir gençlik için
Başlığın Kalan Umut CHP
Sorumluluk Tablosu, Vb CHP
246 ## - UNVAN FORM VARYING
Başlık Doğru / Kısa Başlığı Umut CHP
260 ## - YAYIN, DAĞITIM, VB
Yayın, Dağıtım, Vb Yeri Ankara
Yayıncı, Dağıtıcı, Vs Adı CHP
Yayın, Dağıtım, Vb Tarihi [2015]
300 ## - FİZİKSEL TANIM
Kapsam broşür
Boyutlar 20 sm.
440 ## - SERİSİ TABLOSU / KATMA GİRİŞİ - BAŞLIK
Başlık Cumhuriyet Halk Partisi yayınları
Bir İşin Parçası / Bölümün İsmi Broşürler
610 ## - KONU KATMA GİRİŞ - TOPLANTI ADI
Giriş Elemanı Olarak Kurumsal Ad Veya Yargı Alanı Adı CHP
Genel Alt Bölüm Propaganda ve ideolojiler
Kronolojik Alt Bölüm Gençler
830 ## - SERİSİ EKLENDİ GİRİŞ - ÜNİFORM ADI
Üniforma Başlık CHP broşürleri
942 ## - EKLENDİ GİRİŞ ELEMANLARI (KOHA)
Sınıflandırma Veya Raf Düzeni Kaynak Dewey Decimal Classification
Koha Öğesi Türü Books
999 ## - SİSTEM KONTROL NUMARALARI (KOHA)
Koha Biblionumber 4507
Koha Biblioitemnumber 4507
657 ## - INDEX SÜRE - İŞLEVİ
-- CHP seçim propagandaları
657 ## - INDEX SÜRE - İŞLEVİ
-- CHP seçim kampanyaları
Holdings
Kullanım Kısıtlamaları Kalıcı Konum Mevcut Konum Edinme Tarihi Edinim Kaynak Kodlu Konum Eleme Toplam Check-Out'Lar Tam Çağrı Numarası Barkod Tarih Son Görülme İtibaren Geçerli Fiyatlar Koha Öğesi Türü
Kütüphane dışına çıkarılamaz CHP Kütüphanesi CHP Kütüphanesi 01/27/2017 Bağış BROŞÜRLER   BROŞÜR 228 013118 01/27/2017 01/27/2017 Books